| 000 | 004540000a22001690004500 | ||
|---|---|---|---|
| 020 | _a0-88113-553-4 : Donación | ||
| 041 | 0 | _aSpa. | |
| 082 | 0 | 4 | _aG 922.1 G7381r |
| 100 | 1 | _aGraham, Franklin (1952-) | |
| 245 | 1 | 0 | _aUn rebelde con causa : autobiografía / Franklin Graham |
| 260 | _aNashville : Caribe | ||
| 300 | _a306 p. | ||
| 500 | _aTítulo original: Rebel with a cause | ||
| 650 | 1 | 4 | _aAUTOBIOGRAFIAS \ LITERATURA |
| 001 | 17176 | ||
| 942 | _cBK | ||
| 999 |
_c43842 _d43842 |
||